<?xml version="1.0" encoding="UTF-8"?>
<record
    xmlns:xsi="http://www.w3.org/2001/XMLSchema-instance"
    xsi:schemaLocation="http://www.loc.gov/MARC21/slim http://www.loc.gov/standards/marcxml/schema/MARC21slim.xsd"
    xmlns="http://www.loc.gov/MARC21/slim">

  <leader>02120    a2200181   4500</leader>
  <controlfield tag="003">Nust</controlfield>
  <controlfield tag="005">20221020145214.0</controlfield>
  <controlfield tag="008">170511b        xxu||||| |||| 00| 0 eng d</controlfield>
  <datafield tag="020" ind1=" " ind2=" ">
    <subfield code="a">0075-5400</subfield>
  </datafield>
  <datafield tag="040" ind1=" " ind2=" ">
    <subfield code="c">Nust</subfield>
  </datafield>
  <datafield tag="082" ind1=" " ind2=" ">
    <subfield code="a">620.03,KEM</subfield>
  </datafield>
  <datafield tag="245" ind1=" " ind2=" ">
    <subfield code="a">Kempe&#x2019;s engineers year-book for ...</subfield>
    <subfield code="b"> vol : 1  and 2</subfield>
    <subfield code="c">/ Serial (Periodical, Newspaper, etc.)</subfield>
  </datafield>
  <datafield tag="260" ind1=" " ind2=" ">
    <subfield code="a">London :</subfield>
    <subfield code="b">Morgan-Grampian,</subfield>
    <subfield code="c">1950-c2002.</subfield>
  </datafield>
  <datafield tag="300" ind1=" " ind2=" ">
    <subfield code="a">1344:p</subfield>
  </datafield>
  <datafield tag="505" ind1=" " ind2=" ">
    <subfield code="a">Volume One: Units of Measurement (Page-1), Mathematics (Page-19), Mechanics (Page-61), Heat Optics Etc (Page-75), Acoustics Vibration and Noise (Page-83), Electrical Engineering Fundamentals (Page-101), Thermodynamics (Page-115),  Hydraulics (Page-123), Flow Metering and Mechanical Testing (Page-153), Theory of Structures (Page-195), Standard Dimensions (Page-225), Timber (Page-303) Plastic (Page-331), Machine Tools (Page-359) Welding and Cutting (Page-455) Soldering and Brazing (Page-491) Forging Hammers and Drop Forging Plant (Page-501), Foundry Practice (Page-593), Nonferrous Metals and Alloys (Page-607), Powder Metallurgy (Page-671), Wire Ropes (Page-679) Mechanical Handling (Page-751) Hydraulic Transmission of Power (Page-797), Liquid Pumps (Page-833) Water Engineering (Page-867), Navigable Waterways (Page-975),  Volume Two: Electrical Engineering (Page-1), Electronic Engineering (Page-145), Aerodynamics (Page-159), Aircraft Propulsion (Page-187), Gas Turbines (Page-233), The Internal Combustion Engine (Page-2530Road Vehicles (Page-313) Fuels (Page-365), Atomic Power (Page-421), Gas Engineering (Page-433) Steam Engineering (Page-467), Steam Turbines (Page-525), Marine Engines (Page-575), Naval Architecture (Page-599), Mining Engineering (Page-617), Explosives (Page-699), Refrigeration and Cold Storage (Page-731), Lighting (Page-783), Factory Planning and Layout (Page-799), Fire Extinction and Prevention (Page-821), Surveying (Page-851), Earthwork (Page-919)Clays and Allied Products (Page-957), Building (Page-987), Sanitary Engineering (Page-1069), Design of Steel Structures (Page-1157).</subfield>
  </datafield>
  <datafield tag="650" ind1=" " ind2=" ">
    <subfield code="a">engineers year-book</subfield>
    <subfield code="9">566</subfield>
  </datafield>
  <datafield tag="942" ind1=" " ind2=" ">
    <subfield code="2">ddc</subfield>
    <subfield code="c">BK</subfield>
  </datafield>
  <datafield tag="999" ind1=" " ind2=" ">
    <subfield code="c">182831</subfield>
    <subfield code="d">182831</subfield>
  </datafield>
  <datafield tag="952" ind1=" " ind2=" ">
    <subfield code="0">0</subfield>
    <subfield code="1">0</subfield>
    <subfield code="2">ddc</subfield>
    <subfield code="4">0</subfield>
    <subfield code="7">0</subfield>
    <subfield code="a">MCS</subfield>
    <subfield code="b">MCS</subfield>
    <subfield code="c">GEN</subfield>
    <subfield code="d">2016-12-12</subfield>
    <subfield code="o">620.03,KEM</subfield>
    <subfield code="p">MCS6542</subfield>
    <subfield code="r">2016-12-08</subfield>
    <subfield code="w">2016-12-12</subfield>
    <subfield code="y">BK</subfield>
    <subfield code="z">Almirah No.27, Shelf No.2</subfield>
  </datafield>
</record>
